Loading...
| Literature - British | 0 | 7 | 0 | 0 | 70 | 48 | 93.00 | 1 | 5 | 0.00 | 0.00 |
| Literature - European | 0 | 7 | 1 | 0 | 65 | 37 | 90.14 | 2 | 6 | 0.00 | 0.00 |
| Literature - American | 0 | 6 | 1 | 0 | 55 | 61 | 85.17 | 2 | 5 | 0.00 | 0.00 |
| Literature - World | 0 | 5 | 2 | 1 | 40 | 73 | 110.40 | 2 | 2 | 0.00 | 0.00 |
| Science - Chemistry | 0 | 4 | 1 | 0 | 35 | 91 | 103.25 | 0 | 2 | 0.00 | 0.00 |
| Fine Arts - Classical Music | 0 | 3 | 0 | 0 | 30 | 112 | 128.00 | 0 | 0 | 0.00 | 0.00 |
| Mythology | 0 | 2 | 0 | 0 | 20 | 133 | 141.50 | 0 | 0 | 0.00 | 0.00 |
| Fine Arts - Painting and Sculpture | 0 | 2 | 0 | 0 | 20 | 78 | 87.00 | 0 | 2 | 0.00 | 0.00 |
| Philosophy | 0 | 2 | 0 | 1 | 20 | 122 | 125.50 | 0 | 0 | 0.00 | 0.00 |
| Science - Biology | 0 | 2 | 1 | 2 | 15 | 115 | 126.50 | 0 | 0 | 0.00 | 0.00 |
| Science - Physics | 0 | 1 | 0 | 0 | 10 | 108 | 108.00 | 0 | 1 | 0.00 | 0.00 |
| Religion | 0 | 1 | 0 | 0 | 10 | 130 | 130.00 | 0 | 1 | 0.00 | 0.00 |
| Other Academic | 0 | 1 | 0 | 0 | 10 | 135 | 135.00 | 0 | 0 | 0.00 | 0.00 |
| Social Science | 0 | 0 | 0 | 0 | 0 | 0.00 | 0 | 0 | 0.00 | 0.00 | |
| History - World | 0 | 0 | 1 | 0 | -5 | 0.00 | 0 | 0 | 0.00 | 0.00 | |
| Science - Other | 0 | 0 | 1 | 0 | -5 | 0.00 | 0 | 0 | 0.00 | 0.00 | |
| History - Other | 0 | 0 | 2 | 0 | -10 | 0.00 | 0 | 0 | 0.00 | 0.00 |